Loading...
Symposium on ordinary differential equations
| Other Authors: | |
|---|---|
| Format: | Printed Book |
| Published: |
Springer-Verlag, Berlin
1973
|
| Series: | Lecture Notes in Mathematics, No.0312
|
| Subjects: |
| LEADER | 00552nam a2200169 4500 | ||
|---|---|---|---|
| 082 | |a R LNM.0312 | ||
| 100 | |a Harris, William A, |e Editor | ||
| 245 | |a Symposium on ordinary differential equations |c William A Harris | ||
| 250 | |||
| 260 | |a Springer-Verlag, Berlin |c 1973 | ||
| 300 | |||
| 490 | |a Lecture Notes in Mathematics, No.0312 | ||
| 650 | |a Lecture Notes in Mathematics | ||
| 700 | |e Editor | ||
| 942 | |c BK | ||
| 999 | |c 200929 |d 200929 | ||
| 952 | |0 0 |1 0 |4 0 |6 R_LNM_0312_000000000000000 |7 0 |9 214278 |a MAT |b MAT |l 0 |o R LNM.0312 |p MAT1807 |r 2019-11-01 |w 2019-11-01 |y BK | ||